000 00310nam a22001457a 4500
008 210301b ||||| |||| 00| 0 eng d
020 _a9780763797515
041 _aeng
080 _22nd
_a61
082 _a61
100 _a3
101 _aSHM
245 _aGlobal Health 101
_cSkolnik, R
942 _2udc
_cBK
999 _c55338
_d55338